| 000 | 00716nam a2200253Ia 4500 | ||
|---|---|---|---|
| 003 | IN-BaIIA | ||
| 008 | 211028s9999 xx 000 0 eng d | ||
| 020 | _a0-7167-4370-1 | ||
| 040 | _cIIA Library | ||
| 080 |
_a551.2 _bPRE |
||
| 100 |
_aPress, F _926664 |
||
| 245 | 0 |
_aEarth issues reader _bfor understanding Earth and environmental geology _cF. Press…[et al.] |
|
| 260 |
_aNew York _bW. H. Freeman _c2001 |
||
| 300 | _a132p. | ||
| 650 |
_aCoastal development _926665 |
||
| 650 |
_aEnergy _91942 |
||
| 650 |
_aOpen spaces _926666 |
||
| 650 |
_aRecycling _926667 |
||
| 700 |
_aDe Wet, A _926668 |
||
| 700 |
_aMenking, K _926669 |
||
| 700 |
_aMerritts, D _926670 |
||
| 700 |
_aSiever, R _926671 |
||
| 942 | _cBK | ||
| 999 |
_c14810 _d14810 |
||